Statistics for Most Visited U.S. States by British Columbians

Click here to take the quiz!

General Stats

  • This quiz has been taken 65 times
  • The average score is 9 of 10

Answer Stats

Visits State % Correct
2,424,000Washington
100%
138,000Florida
100%
86,000New York
100%
502,000California
98%
292,000Oregon
97%
306,000Nevada
93%
73,000Texas
93%
373,000Hawaii
89%
157,000Idaho
87%
172,000Arizona
82%

Score Distribution

Percentile by Number Answered

Percent of People with Each Score

Your Score History

You have not taken this quiz